| 000 | 00416cam a2200181ua 4500 | ||
|---|---|---|---|
| 020 | _c7.60 | ||
| 041 |
_aeng _h |
||
| 082 |
_a928.23 _bMOO/IN |
||
| 100 | _aMoore, Harry.T . | ||
| 245 |
_aIntelligent heart / _cT Harry Moore. _hTextual Documents |
||
| 250 |
_a1 / _b. |
||
| 260 |
_a : _bPenguin books , _c1954. |
||
| 300 | _a560 ; . | ||
| 365 | _a7.60 | ||
| 504 | _a | ||
| 942 | _cBK | ||
| 999 |
_c2158 _d2158 |
||